000 00316nam a2200121Ia 4500
008 231129s1996||||xx |||||||||||||| ||spa||
082 _aER- 546
100 _aCOmfamiliar Risaralda
245 0 _aII Concurso de Cuento Infantil Ilustrado 1996
260 _c1996
264 _a[s.l.]: [s.no.] 1996
942 _2ddc
_cBKS
999 _c15574
_d15574